Romans : (Record no. 4551)
[ view plain ]
| 000 -LEADER | |
|---|---|
| fixed length control field | 00760cam a22002651a 4500 |
| 001 - CONTROL NUMBER | |
| control field | 27399784 |
| 003 - CONTROL NUMBER IDENTIFIER | |
| control field | OCoLC |
| 005 - DATE AND TIME OF LATEST TRANSACTION | |
| control field | 20181210095624.0 |
| 008 - FIXED-LENGTH DATA ELEMENTS--GENERAL INFORMATION | |
| fixed length control field | 930209s1938 nyu 000 0 eng |
| 010 ## - LIBRARY OF CONGRESS CONTROL NUMBER | |
| LC control number | 38034586 |
| 040 ## - CATALOGING SOURCE | |
| Original cataloging agency | DLC |
| Language of cataloging | eng |
| Transcribing agency | KZG |
| Modifying agency | DLC |
| -- | KLG |
| -- | DRB |
| -- | OCLCO |
| -- | OCLCA |
| -- | OCLCQ |
| -- | OCLCA |
| -- | OCLCF |
| 042 ## - AUTHENTICATION CODE | |
| Authentication code | premarc |
| 050 0# - LIBRARY OF CONGRESS CALL NUMBER | |
| Classification number | BS2665 |
| Item number | .N44 |
| 082 ## - DEWEY DECIMAL CLASSIFICATION NUMBER | |
| Classification number | 227.1 |
| Item number | N544R |
| 100 1# - MAIN ENTRY--PERSONAL NAME | |
| Personal name | Newell, William R., |
| Dates associated with a name | -1956. |
| 245 10 - TITLE STATEMENT | |
| Title | Romans : |
| Remainder of title | verse by verse / |
| Statement of responsibility, etc. | William R. Newell. |
| 260 ## - PUBLICATION, DISTRIBUTION, ETC. | |
| Place of publication, distribution, etc. | Chicago, Ill. : |
| Name of publisher, distributor, etc. | Grace Publications, |
| Date of publication, distribution, etc. | 1938. |
| 300 ## - PHYSICAL DESCRIPTION | |
| Extent | 577 pages ; |
| Dimensions | 21 cm |
| 336 ## - CONTENT TYPE | |
| Content type term | text |
| Content type code | txt |
| Source | rdacontent |
| 337 ## - MEDIA TYPE | |
| Media type term | unmediated |
| Media type code | n |
| Source | rdamedia |
| 338 ## - CARRIER TYPE | |
| Carrier type term | volume |
| Carrier type code | nc |
| Source | rdacarrier |
| 630 00 - SUBJECT ADDED ENTRY--UNIFORM TITLE | |
| Uniform title | Bible. |
| Name of part/section of a work | Romans. |
| 650 #0 - SUBJECT ADDED ENTRY--TOPICAL TERM | |
| Topical term or geographic name entry element | Romans. |
| 942 ## - ADDED ENTRY ELEMENTS (KOHA) | |
| Source of classification or shelving scheme | Dewey Decimal Classification |
| Koha item type | Books |
| Withdrawn status | Lost status | Source of classification or shelving scheme | Damaged status | Not for loan | Collection code | Home library | Current library | Shelving location | Date acquired | Cost, normal purchase price | Total Checkouts | Full call number | Barcode | Date last seen | Price effective from | Koha item type |
|---|---|---|---|---|---|---|---|---|---|---|---|---|---|---|---|---|
| Dewey Decimal Classification | Non-fiction | Harvest Mission College | Harvest Mission College | General Stacks | 10.12.2018 | 460.00 | 227.1 N544R | 005143 | 10.12.2018 | 10.12.2018 | Books |
